Planètes, lunes et planètes naines du système solaire - Statistiques

Statistiques générales
  • Ce quiz a été pris 223 fois
  • Le résultat moyen est 21 sur 39
Statistiques - réponses
Indice Réponse % Correct
Lune
99%
Planète 4 et lunes Mars
99%
Planète 3 et lunes Terre
99%
Planète 2 Vénus
99%
Planète 1 Mercure
98%
Astre Soleil
98%
Planète 5 et lunes Jupiter
97%
Planète 6 et lunes Saturne
95%
Planète 7 et lunes Uranus
94%
Planète 8 et lunes Neptune
93%
Ceinture de Kuiper Pluton
84%
Titan
73%
Europe
68%
Io
65%
Phobos
60%
Déimos
57%
Ganymède
56%
Cérès
54%
Callisto
46%
Makémaké
42%
Triton
42%
Éris
40%
Charon
37%
Hauméa
34%
Ariel
32%
Encelade
31%
Rhéa
31%
Titania
31%
Obéron
26%
Mimas
24%
Umbriel
24%
Dioné
23%
Japet
23%
Miranda
21%
Ceinture d'astéroïdes Vesta
20%
Téthys
19%
Hypérion
15%
Pallas
14%
Junon
10%
Aucun quiz correspondant
Distribution des résultats
% des personnes avec chaque résultat
Percentile par nombre de réponses
Votre historique - résultats
Vous n’avez pas pris ce quiz